[Event "Team men PL"]
[Site "Sochi"]
[Date "2020.11.23"]
[Round "5.23"]
[White "Alexeev, Alexey"]
[Black "Petrov, Nikita"]
[Result "0-1"]
[BlackElo "2577"]
[WhiteElo "2246"]
[LiveChessVersion "1.4.8"]

1.e4 {[%clk 1:30:57]} c5 {[%clk 1:30:44]} 2.Nf3 {[%clk 1:31:20]}
Nc6 {[%clk 1:30:56]} 3.d4 {[%clk 1:31:06]} cxd4 {[%clk 1:31:11]}
4.Nxd4 {[%clk 1:31:30]} e6 {[%clk 1:30:52]} 5.Nc3 {[%clk 1:31:52]}
Qc7 {[%clk 1:31:03]} 6.Be3 {[%clk 1:31:02]} a6 {[%clk 1:31:07]}
7.Be2 {[%clk 1:30:07]} b5 {[%clk 1:30:18]} 8.Nxc6 {[%clk 1:27:07]}
Qxc6 {[%clk 1:30:29]} 9.Bf3 {[%clk 1:27:14]} Bb7 {[%clk 1:26:44]}
10.O-O {[%clk 1:22:15]} Qc7 {[%clk 1:17:20]} 11.e5 {[%clk 1:18:47]}
Ne7 {[%clk 1:08:03]} 12.Bxb7 {[%clk 1:16:18]} Qxb7 {[%clk 1:06:52]}
13.Bc5 {[%clk 1:16:16]} Rc8 {[%clk 0:58:06]} 14.Bd6 {[%clk 1:12:03]}
b4 {[%clk 0:55:44]} 15.Ne2 {[%clk 1:11:18]} Ng6 {[%clk 0:52:58]}
16.Bxf8 {[%clk 1:04:15]} Rxf8 {[%clk 0:53:11]} 17.Qd3 {[%clk 0:52:23]}
Qb5 {[%clk 0:30:46]} 18.c4 {[%clk 0:41:46]} Qxc4 {[%clk 0:21:20]}
19.Qd2 {[%clk 0:41:39]} Qc2 {[%clk 0:19:42]} 20.Qe3 {[%clk 0:41:36]}
Qc5 {[%clk 0:18:27]} 21.Nd4 {[%clk 0:41:37]} Qxe5 {[%clk 0:17:57]}
22.Qd2 {[%clk 0:41:26]} Nf4 {[%clk 0:09:03]} 23.Nf3 {[%clk 0:38:29]}
Qf5 {[%clk 0:09:08]} 24.Rfd1 {[%clk 0:36:48]} Nd5 {[%clk 0:08:59]}
25.Nd4 {[%clk 0:34:56]} Qg6 {[%clk 0:08:45]} 26.f4 {[%clk 0:34:39]}
Qe4 {[%clk 0:08:05]} 27.Kh1 {[%clk 0:34:02]} Qe3 {[%clk 0:07:00]}
28.Nf5 {[%clk 0:33:24]} Qxd2 {[%clk 0:07:19]} 29.Nxg7+ {[%clk 0:33:36]}
Ke7 {[%clk 0:06:58]} 30.Rxd2 {[%clk 0:33:59]} Nf6 {[%clk 0:05:04]}
31.Re1 {[%clk 0:33:53]} Rc5 {[%clk 0:05:23]} 32.g4 {[%clk 0:33:01]}
Nxg4 {[%clk 0:05:24]} 33.Rg2 {[%clk 0:33:21]} Nf6 {[%clk 0:04:50]}
34.Rg5 {[%clk 0:33:34]} Rfc8 {[%clk 0:04:33]} 35.Nf5+ {[%clk 0:33:40]}
Kf8 {[%clk 0:04:54]} 36.Nd4 {[%clk 0:32:38]} Rc1 {[%clk 0:05:07]}
37.Rxc1 {[%clk 0:33:03]} Rxc1+ {[%clk 0:05:33]} 38.Kg2 {[%clk 0:33:28]}
Rb1 {[%clk 0:05:40]} 39.Ra5 {[%clk 0:33:38]} Rxb2+ {[%clk 0:06:05]}
40.Kg3 {[%clk 1:04:00]} Ne4+ {[%clk 0:35:41]} 41.Kf3 {[%clk 1:04:06]}
Nc3 {[%clk 0:34:51]} 0-1

[Event "Team men PL"]
[Site "Sochi"]
[Date "2020.11.23"]
[Round "5.24"]
[White "Zakhartsov, Vladimir"]
[Black "Pervakov, Sergey"]
[Result "1-0"]
[BlackElo "2067"]
[WhiteElo "2484"]
[LiveChessVersion "1.4.8"]

1.d4 {[%clk 1:30:54]} g6 {[%clk 1:30:51]} 2.e4 {[%clk 1:31:07]}
Bg7 {[%clk 1:31:04]} 3.Nf3 {[%clk 1:31:23]} d6 {[%clk 1:31:19]}
4.Bc4 {[%clk 1:31:33]} Nf6 {[%clk 1:30:09]} 5.Qe2 {[%clk 1:31:48]}
Nc6 {[%clk 1:29:20]} 6.d5 {[%clk 1:26:09]} Na5 {[%clk 1:17:59]}
7.Bd3 {[%clk 1:26:11]} c5 {[%clk 1:18:20]} 8.h3 {[%clk 1:22:56]}
O-O {[%clk 1:18:12]} 9.c4 {[%clk 1:21:08]} e6 {[%clk 1:18:11]}
10.Nc3 {[%clk 1:18:56]} exd5 {[%clk 1:16:26]} 11.cxd5 {[%clk 1:17:59]}
a6 {[%clk 1:16:02]} 12.O-O {[%clk 1:18:03]} b5 {[%clk 1:13:30]}
13.Bg5 {[%clk 1:18:00]} b4 {[%clk 1:07:48]} 14.Nd1 {[%clk 1:17:30]}
Re8 {[%clk 1:06:26]} 15.Qc2 {[%clk 1:16:11]} Qb6 {[%clk 0:51:25]}
16.Ne3 {[%clk 1:11:29]} Bd7 {[%clk 0:51:45]} 17.Nd2 {[%clk 1:07:00]}
Bb5 {[%clk 0:49:59]} 18.Nec4 {[%clk 1:06:58]} Nxc4 {[%clk 0:49:57]}
19.Bxc4 {[%clk 1:07:22]} Nd7 {[%clk 0:37:10]} 20.f4 {[%clk 1:05:25]}
Bd4+ {[%clk 0:27:20]} 21.Kh1 {[%clk 1:03:18]} Be3 {[%clk 0:25:18]}
22.Nf3 {[%clk 1:01:37]} Bxc4 {[%clk 0:22:30]} 23.Qxc4 {[%clk 1:02:05]}
Qb5 {[%clk 0:21:28]} 24.Qc2 {[%clk 1:02:33]} f6 {[%clk 0:19:20]}
25.Bh6 {[%clk 1:02:34]} c4 {[%clk 0:15:13]} 26.Rae1 {[%clk 1:01:13]}
Bb6 {[%clk 0:15:37]} 27.f5 {[%clk 0:58:26]} b3 {[%clk 0:15:03]}
28.axb3 {[%clk 0:57:33]} cxb3 {[%clk 0:15:22]} 29.Qd1 {[%clk 0:57:36]}
Qc4 {[%clk 0:14:11]} 30.fxg6 {[%clk 0:55:33]} hxg6 {[%clk 0:14:36]}
31.Nd2 {[%clk 0:55:23]} Qc2 {[%clk 0:13:29]} 32.Qf3 {[%clk 0:55:11]}
Kh7 {[%clk 0:11:14]} 33.Rc1 {[%clk 0:49:25]} Qxb2 {[%clk 0:10:59]}
34.Nc4 {[%clk 0:49:46]} Ne5 {[%clk 0:09:22]} 35.Qxf6 {[%clk 0:42:52]}
Nxc4 {[%clk 0:09:30]} 36.Qh4 {[%clk 0:43:21]} Ne5 {[%clk 0:03:47]}
37.Bg5+ {[%clk 0:40:38]} Kg8 {[%clk 0:02:37]} 38.Bf6 {[%clk 0:41:02]} 1-0

[Event "Team men PL"]
[Site "Sochi"]
[Date "2020.11.23"]
[Round "5.25"]
[White "Najer, Evgeniy"]
[Black "Artemiev, Vladislav"]
[Result "0-1"]
[BlackElo "2708"]
[WhiteElo "2648"]
[LiveChessVersion "1.4.8"]

1.e4 {[%clk 1:30:57]} e5 {[%clk 1:30:47]} 2.Nf3 {[%clk 1:31:20]}
Nc6 {[%clk 1:30:59]} 3.Bb5 {[%clk 1:31:06]} a6 {[%clk 1:30:50]}
4.Ba4 {[%clk 1:31:30]} d6 {[%clk 1:30:35]} 5.c3 {[%clk 1:31:46]}
Bd7 {[%clk 1:29:38]} 6.d4 {[%clk 1:32:09]} g6 {[%clk 1:28:47]}
7.Bg5 {[%clk 1:30:59]} Be7 {[%clk 1:22:42]} 8.Be3 {[%clk 1:26:50]}
Nf6 {[%clk 1:22:33]} 9.Bc2 {[%clk 1:19:31]} O-O {[%clk 1:17:59]}
10.O-O {[%clk 1:17:45]} b5 {[%clk 1:13:19]} 11.Re1 {[%clk 1:14:00]}
Re8 {[%clk 1:08:27]} 12.d5 {[%clk 1:11:02]} Na5 {[%clk 1:08:40]}
13.Nbd2 {[%clk 1:11:25]} Ng4 {[%clk 1:07:40]} 14.b4 {[%clk 1:11:48]}
Nxe3 {[%clk 1:08:01]} 15.Rxe3 {[%clk 1:08:04]} Nb7 {[%clk 1:08:23]}
16.Nf1 {[%clk 1:04:40]} a5 {[%clk 0:49:48]} 17.a4 {[%clk 0:50:54]}
Rf8 {[%clk 0:32:39]} 18.Re1 {[%clk 0:48:28]} bxa4 {[%clk 0:29:52]}
19.Bxa4 {[%clk 0:48:10]} axb4 {[%clk 0:27:55]} 20.cxb4 {[%clk 0:48:13]}
Bxa4 {[%clk 0:28:01]} 21.Rxa4 {[%clk 0:48:38]} Qd7 {[%clk 0:28:25]}
22.Rxa8 {[%clk 0:43:21]} Rxa8 {[%clk 0:28:50]} 23.Qc2 {[%clk 0:43:47]}
Nd8 {[%clk 0:26:36]} 24.Ne3 {[%clk 0:39:55]} Ra7 {[%clk 0:24:43]}
25.Qc4 {[%clk 0:37:58]} Bf8 {[%clk 0:22:31]} 26.Rb1 {[%clk 0:37:16]}
Bh6 {[%clk 0:17:06]} 27.Nd1 {[%clk 0:33:31]} Qa4 {[%clk 0:16:58]}
28.Nc3 {[%clk 0:32:38]} Qc2 {[%clk 0:16:34]} 29.Ne1 {[%clk 0:31:02]}
Qd2 {[%clk 0:16:59]} 30.Nf3 {[%clk 0:29:59]} Qc2 {[%clk 0:17:04]}
31.Ne1 {[%clk 0:30:01]} Qd2 {[%clk 0:17:27]} 32.Qb3 {[%clk 0:29:21]}
f5 {[%clk 0:10:12]} 33.Rd1 {[%clk 0:09:45]} Qg5 {[%clk 0:09:25]}
34.Nf3 {[%clk 0:07:18]} Qf4 {[%clk 0:07:12]} 35.Qc4 {[%clk 0:07:16]}
Nf7 {[%clk 0:06:28]} 36.h4 {[%clk 0:02:46]} Ra3 {[%clk 0:06:29]}
37.Re1 {[%clk 0:02:36]} g5 {[%clk 0:02:36]} 38.Qxc7 {[%clk 0:01:54]}
g4 {[%clk 0:00:33]} 39.Ne2 {[%clk 0:00:37]} Qxe4 {[%clk 0:00:58]}
40.Ned4 {[%clk 0:30:34]} Qxd5 {[%clk 0:30:37]} 41.Nxf5 {[%clk 0:18:44]}
Bf8 {[%clk 0:29:51]} 42.Qc8 {[%clk 0:17:10]} Qa8 {[%clk 0:27:00]}
43.Ne7+ {[%clk 0:07:53]} Kh8 {[%clk 0:27:04]} 44.Qe6 {[%clk 0:07:59]}
Nh6 {[%clk 0:20:39]} 45.Nd2 {[%clk 0:02:04]} g3 {[%clk 0:18:31]}
46.Rf1 {[%clk 0:01:39]} Ra1 {[%clk 0:13:17]} 47.Nd5 {[%clk 0:01:35]}
gxf2+ {[%clk 0:08:40]} 48.Kxf2 {[%clk 0:02:04]} Ra2 {[%clk 0:07:26]}
49.Ke2 {[%clk 0:02:26]} Ng8 {[%clk 0:06:17]} 50.Rd1 {[%clk 0:00:34]}
Qa6+ {[%clk 0:01:58]} 51.Ke1 {[%clk 0:01:00]} Qd3 {[%clk 0:00:53]}
52.g4 {[%clk 0:01:25]} Qg3+ {[%clk 0:00:37]} 53.Ke2 {[%clk 0:01:48]}
Qg2+ {[%clk 0:00:59]} 54.Kd3 {[%clk 0:01:16]} Qf2 {[%clk 0:00:41]}
55.Kc3 {[%clk 0:00:35]} Qd4+ {[%clk 0:00:32]} 56.Kb3 {[%clk 0:01:04]}
Rxd2 {[%clk 0:00:33]} 57.Rxd2 {[%clk 0:01:27]} Qxd2 {[%clk 0:01:00]}
58.b5 {[%clk 0:01:42]} Qd3+ {[%clk 0:01:04]} 59.Kb4 {[%clk 0:01:59]}
Qd4+ {[%clk 0:00:40]} 60.Ka5 {[%clk 0:01:33]} Qa7+ {[%clk 0:01:05]}
61.Kb4 {[%clk 0:02:01]} Qc5+ {[%clk 0:01:01]} 62.Ka5 {[%clk 0:02:03]}
Be7 {[%clk 0:00:51]} 63.Ka6 {[%clk 0:01:46]} Bxh4 {[%clk 0:00:52]}
64.b6 {[%clk 0:01:41]} Qc4+ {[%clk 0:00:37]} 65.Kb7 {[%clk 0:01:36]}
Ne7 {[%clk 0:00:47]} 66.Nc7 {[%clk 0:01:11]} Qxe6 {[%clk 0:01:06]}
67.Nxe6 {[%clk 0:01:36]} Bf2 {[%clk 0:00:34]} 68.Kc7 {[%clk 0:01:55]}
d5 {[%clk 0:00:31]} 69.b7 {[%clk 0:01:42]} Ba7 {[%clk 0:00:58]}
70.Kd6 {[%clk 0:01:08]} d4 {[%clk 0:01:09]} 71.Ng5 {[%clk 0:00:33]}
Ng6 {[%clk 0:01:10]} 72.Kd5 {[%clk 0:00:36]} Bb8 {[%clk 0:00:45]}
73.Ke4 {[%clk 0:00:54]} Kg7 {[%clk 0:01:05]} 74.Ne6+ {[%clk 0:01:04]}
Kf6 {[%clk 0:01:29]} 75.Nc5 {[%clk 0:01:28]} Nf8 {[%clk 0:01:10]}
76.Kd5 {[%clk 0:01:17]} Kg5 {[%clk 0:01:15]} 77.Na6 {[%clk 0:01:33]}
d3 {[%clk 0:01:39]} 78.Nc5 {[%clk 0:01:52]} Kxg4 {[%clk 0:00:56]}
79.Nxd3 {[%clk 0:02:16]} Kf5 {[%clk 0:01:17]} 80.Nb4 {[%clk 0:02:01]}
h5 {[%clk 0:00:47]} 81.Na6 {[%clk 0:02:17]} Nd7 {[%clk 0:00:37]}
82.Nxb8 {[%clk 0:02:12]} Nxb8 {[%clk 0:01:02]} 83.Kd6 {[%clk 0:02:39]}
e4 {[%clk 0:01:25]} 84.Kc7 {[%clk 0:02:58]} e3 {[%clk 0:01:50]} 0-1

[Event "Team men PL"]
[Site "Sochi"]
[Date "2020.11.23"]
[Round "5.26"]
[White "Timofeev, Artyom"]
[Black "Predke, Alexandr"]
[Result "1/2-1/2"]
[BlackElo "2696"]
[WhiteElo "2585"]
[LiveChessVersion "1.4.8"]

1.e4 {[%clk 1:30:37]} e5 {[%clk 1:28:46]} 2.Nf3 {[%clk 1:27:02]}
Nc6 {[%clk 1:29:10]} 3.Bc4 {[%clk 1:16:49]} Bc5 {[%clk 1:27:36]}
4.d3 {[%clk 1:15:05]} Nf6 {[%clk 1:27:59]} 5.Nc3 {[%clk 1:15:03]}
h6 {[%clk 1:26:18]} 6.h3 {[%clk 1:14:20]} a6 {[%clk 1:26:18]}
7.Be3 {[%clk 1:02:54]} Bb4 {[%clk 1:14:27]} 8.Qd2 {[%clk 0:47:13]}
b5 {[%clk 1:10:57]} 9.Bb3 {[%clk 0:47:24]} d6 {[%clk 1:11:12]}
10.a3 {[%clk 0:44:27]} Ba5 {[%clk 1:09:34]} 11.Ba2 {[%clk 0:42:43]}
Be6 {[%clk 1:07:12]} 12.Bxe6 {[%clk 0:39:06]} fxe6 {[%clk 1:06:58]}
13.b4 {[%clk 0:38:49]} Bb6 {[%clk 1:06:43]} 14.Bxb6 {[%clk 0:35:18]}
cxb6 {[%clk 1:07:09]} 15.Ne2 {[%clk 0:32:51]} O-O {[%clk 0:58:06]}
16.Ng3 {[%clk 0:31:55]} d5 {[%clk 0:57:38]} 17.c3 {[%clk 0:29:35]}
Ra7 {[%clk 0:43:21]} 18.O-O {[%clk 0:28:26]} dxe4 {[%clk 0:26:41]}
19.dxe4 {[%clk 0:27:45]} Qxd2 {[%clk 0:27:08]} 20.Nxd2 {[%clk 0:28:05]}
Rd8 {[%clk 0:27:36]} 21.Nf3 {[%clk 0:24:58]} Ne8 {[%clk 0:27:35]}
22.Rfd1 {[%clk 0:21:10]} Rad7 {[%clk 0:27:32]} 23.Rxd7 {[%clk 0:20:03]}
Rxd7 {[%clk 0:28:00]} 24.Kf1 {[%clk 0:20:07]} Nd6 {[%clk 0:27:41]}
25.Ke2 {[%clk 0:14:14]} Nc4 {[%clk 0:26:39]} 26.Nf1 {[%clk 0:14:18]}
Kf7 {[%clk 0:20:30]} 27.Ne3 {[%clk 0:13:57]} Nxe3 {[%clk 0:18:07]}
28.Kxe3 {[%clk 0:14:14]} Kf6 {[%clk 0:18:35]} 29.h4 {[%clk 0:07:28]}
Nd8 {[%clk 0:16:45]} 30.a4 {[%clk 0:06:43]} Nf7 {[%clk 0:16:34]}
31.a5 {[%clk 0:04:55]} bxa5 {[%clk 0:16:30]} 32.Rxa5 {[%clk 0:05:19]}
Rd6 {[%clk 0:16:45]} 33.Nd2 {[%clk 0:03:17]} Rc6 {[%clk 0:17:12]}
34.Kd3 {[%clk 0:03:37]} Nd6 {[%clk 0:17:04]} 35.Ra1 {[%clk 0:03:43]}
g5 {[%clk 0:14:21]} 36.hxg5+ {[%clk 0:04:05]} hxg5 {[%clk 0:14:49]}
37.Rh1 {[%clk 0:03:38]} Nc4 {[%clk 0:13:56]} 38.Nxc4 {[%clk 0:03:28]}
Rxc4 {[%clk 0:14:19]} 39.Rh6+ {[%clk 0:03:10]} Kf7 {[%clk 0:14:42]}
40.Rh7+ {[%clk 0:32:30]} Kf6 {[%clk 0:44:44]} 41.Rd7 {[%clk 0:22:53]}
Rc6 {[%clk 0:44:44]} 42.g4 {[%clk 0:23:08]} Kg6 {[%clk 0:44:39]}
43.Kd2 {[%clk 0:23:23]} Kf6 {[%clk 0:44:46]} 44.Kd3 {[%clk 0:23:30]}
Kg6 {[%clk 0:45:11]} 45.Kd2 {[%clk 0:23:54]} Kf6 {[%clk 0:45:37]}
46.Kd3 {[%clk 0:24:19]} 1/2-1/2

[Event "Team men PL"]
[Site "Sochi"]
[Date "2020.11.23"]
[Round "5.27"]
[White "Esipenko, Andrey"]
[Black "Gaifullin, Artur"]
[Result "1-0"]
[BlackElo "2460"]
[WhiteElo "2683"]
[LiveChessVersion "1.4.8"]

1.e4 {[%clk 1:30:58]} e5 {[%clk 1:30:56]} 2.Nf3 {[%clk 1:31:10]}
Nc6 {[%clk 1:31:23]} 3.Bb5 {[%clk 1:31:31]} Nf6 {[%clk 1:31:47]}
4.d3 {[%clk 1:31:25]} Bc5 {[%clk 1:32:05]} 5.Nbd2 {[%clk 1:31:44]}
a6 {[%clk 1:31:39]} 6.Bxc6 {[%clk 1:30:04]} dxc6 {[%clk 1:32:05]}
7.Nc4 {[%clk 1:28:06]} Nd7 {[%clk 1:32:21]} 8.c3 {[%clk 1:17:12]}
Qe7 {[%clk 1:25:22]} 9.O-O {[%clk 1:16:21]} f6 {[%clk 1:23:14]}
10.d4 {[%clk 1:13:59]} Bd6 {[%clk 1:21:11]} 11.Nh4 {[%clk 1:10:45]}
Nb6 {[%clk 1:15:30]} 12.Nxd6+ {[%clk 1:04:51]} cxd6 {[%clk 1:10:28]}
13.f4 {[%clk 0:57:26]} exd4 {[%clk 0:53:43]} 14.Qb3 {[%clk 0:46:06]}
Qc7 {[%clk 0:46:55]} 15.cxd4 {[%clk 0:45:11]} d5 {[%clk 0:39:31]}
16.f5 {[%clk 0:44:51]} O-O {[%clk 0:36:00]} 17.e5 {[%clk 0:43:22]}
fxe5 {[%clk 0:33:34]} 18.dxe5 {[%clk 0:38:33]} Nc4 {[%clk 0:32:14]}
19.e6 {[%clk 0:37:41]} Bxe6 {[%clk 0:29:22]} 20.Bf4 {[%clk 0:37:34]}
Qe7 {[%clk 0:27:37]} 21.fxe6 {[%clk 0:37:48]} Qxh4 {[%clk 0:28:03]}
22.Qxb7 {[%clk 0:38:10]} Na5 {[%clk 0:11:10]} 23.Qc7 {[%clk 0:38:12]}
Nc4 {[%clk 0:05:31]} 24.Qxc6 {[%clk 0:34:20]} Rae8 {[%clk 0:05:24]}
25.Qxd5 {[%clk 0:26:49]} Rxf4 {[%clk 0:05:11]} 26.e7+ {[%clk 0:26:53]}
Kh8 {[%clk 0:05:35]} 27.Qd7 {[%clk 0:27:00]} 1-0

[Event "Team men PL"]
[Site "Sochi"]
[Date "2020.11.23"]
[Round "5.28"]
[White "Makhmutov, Rail"]
[Black "Sarana, Alexey"]
[Result "1/2-1/2"]
[BlackElo "2636"]
[WhiteElo "2442"]
[LiveChessVersion "1.4.8"]

1.d4 {[%clk 1:30:57]} Nf6 {[%clk 1:30:51]} 2.c4 {[%clk 1:31:20]}
e6 {[%clk 1:31:17]} 3.Nc3 {[%clk 1:31:22]} Bb4 {[%clk 1:31:26]}
4.e3 {[%clk 1:29:52]} c5 {[%clk 1:31:17]} 5.Nge2 {[%clk 1:28:37]}
cxd4 {[%clk 1:31:33]} 6.exd4 {[%clk 1:28:59]} O-O {[%clk 1:31:51]}
7.a3 {[%clk 1:28:54]} Be7 {[%clk 1:32:16]} 8.Nf4 {[%clk 1:26:32]}
d5 {[%clk 1:29:46]} 9.cxd5 {[%clk 1:23:35]} Nxd5 {[%clk 1:30:12]}
10.Ncxd5 {[%clk 1:12:26]} exd5 {[%clk 1:30:40]} 11.Be2 {[%clk 1:12:45]}
Nc6 {[%clk 1:30:05]} 12.O-O {[%clk 1:12:47]} Bf6 {[%clk 1:24:33]}
13.Be3 {[%clk 1:10:28]} Qd6 {[%clk 1:24:46]} 14.Qd2 {[%clk 1:03:18]}
Bf5 {[%clk 1:21:45]} 15.Rac1 {[%clk 1:00:51]} Be4 {[%clk 1:20:11]}
16.Rc5 {[%clk 0:57:01]} b6 {[%clk 1:10:11]} 17.Rc3 {[%clk 0:56:57]}
Rad8 {[%clk 1:10:04]} 18.Rfc1 {[%clk 0:52:06]} Na5 {[%clk 1:10:19]}
19.f3 {[%clk 0:44:53]} Bg6 {[%clk 1:05:05]} 20.b4 {[%clk 0:44:01]}
Nc4 {[%clk 1:05:18]} 21.Bxc4 {[%clk 0:44:23]} dxc4 {[%clk 1:05:42]}
22.Rxc4 {[%clk 0:44:09]} Rfe8 {[%clk 1:06:04]} 23.a4 {[%clk 0:33:45]}
Bg5 {[%clk 1:02:27]} 24.g3 {[%clk 0:32:32]} Bxf4 {[%clk 0:55:38]}
25.Bxf4 {[%clk 0:33:00]} Qd5 {[%clk 0:56:00]} 26.Kf2 {[%clk 0:32:29]}
Bf5 {[%clk 0:55:57]} 27.b5 {[%clk 0:31:12]} Bc8 {[%clk 0:53:59]}
28.Rc7 {[%clk 0:25:29]} Bb7 {[%clk 0:53:50]} 29.R1c3 {[%clk 0:22:39]}
h6 {[%clk 0:50:17]} 30.h4 {[%clk 0:21:14]} Re6 {[%clk 0:49:55]}
31.Re3 {[%clk 0:20:25]} Rde8 {[%clk 0:43:03]} 32.Rcc3 {[%clk 0:19:21]}
Rxe3 {[%clk 0:40:22]} 33.Rxe3 {[%clk 0:19:48]} Rd8 {[%clk 0:40:43]}
34.Qb4 {[%clk 0:17:38]} Rc8 {[%clk 0:39:58]} 35.Qd2 {[%clk 0:08:07]}
Qc4 {[%clk 0:38:23]} 36.Qd1 {[%clk 0:06:48]} Bd5 {[%clk 0:35:13]}
37.g4 {[%clk 0:06:40]} Be6 {[%clk 0:34:44]} 38.Kg3 {[%clk 0:06:31]}
Rd8 {[%clk 0:34:39]} 39.Rd3 {[%clk 0:06:29]} Bd5 {[%clk 0:34:10]}
40.Re3 {[%clk 0:36:09]} Qb4 {[%clk 1:02:28]} 41.h5 {[%clk 0:28:09]}
Rc8 {[%clk 1:01:32]} 42.Re5 {[%clk 0:15:56]} Qc4 {[%clk 0:58:59]}
43.Qd2 {[%clk 0:15:23]} Qb3 {[%clk 0:54:29]} 44.Qf2 {[%clk 0:10:29]}
Kh7 {[%clk 0:49:13]} 45.Bd2 {[%clk 0:09:13]} Rd8 {[%clk 0:36:31]}
46.Qe2 {[%clk 0:07:01]} Qb1 {[%clk 0:32:15]} 47.Qe1 {[%clk 0:05:43]}
Qc2 {[%clk 0:30:45]} 48.a5 {[%clk 0:04:32]} Qd3 {[%clk 0:28:55]}
49.Qe2 {[%clk 0:04:45]} Qxd4 {[%clk 0:27:55]} 50.Qe3 {[%clk 0:04:04]}
Qxe3 {[%clk 0:24:01]} 51.Bxe3 {[%clk 0:04:14]} bxa5 {[%clk 0:24:26]}
52.Bxa7 {[%clk 0:04:37]} a4 {[%clk 0:24:51]} 53.Bc5 {[%clk 0:04:51]}
Rd7 {[%clk 0:24:30]} 1/2-1/2

[Event "Team men PL"]
[Site "Sochi"]
[Date "2020.11.23"]
[Round "5.29"]
[White "Popov, Ivan"]
[Black "Samusenko, Maksim"]
[Result "1/2-1/2"]
[BlackElo "2466"]
[WhiteElo "2636"]
[LiveChessVersion "1.4.8"]

1.e4 {[%clk 1:30:56]} c5 {[%clk 1:30:41]} 2.Nc3 {[%clk 1:31:11]}
Nc6 {[%clk 1:30:46]} 3.Bb5 {[%clk 1:31:31]} Nd4 {[%clk 1:30:22]}
4.Nf3 {[%clk 1:31:45]} Nxb5 {[%clk 1:29:04]} 5.Nxb5 {[%clk 1:32:04]}
d6 {[%clk 1:29:24]} 6.d4 {[%clk 1:32:06]} Nf6 {[%clk 1:29:27]}
7.Nc3 {[%clk 1:31:58]} cxd4 {[%clk 1:29:05]} 8.Qxd4 {[%clk 1:32:20]}
e5 {[%clk 1:28:29]} 9.Qd3 {[%clk 1:32:40]} h6 {[%clk 1:28:40]}
10.O-O {[%clk 1:32:56]} Be6 {[%clk 1:27:53]} 11.Rd1 {[%clk 1:30:16]}
a6 {[%clk 1:25:43]} 12.h3 {[%clk 1:18:41]} Be7 {[%clk 1:23:50]}
13.Nh2 {[%clk 1:17:55]} O-O {[%clk 1:19:05]} 14.Nf1 {[%clk 1:18:09]}
Rc8 {[%clk 1:15:39]} 15.Ne3 {[%clk 1:17:37]} Qc7 {[%clk 1:12:45]}
16.Bd2 {[%clk 1:13:17]} Rfd8 {[%clk 1:01:21]} 17.Rac1 {[%clk 1:03:17]}
b5 {[%clk 0:55:39]} 18.Be1 {[%clk 0:42:02]} Qb7 {[%clk 0:49:39]}
19.Rb1 {[%clk 0:35:35]} Bc4 {[%clk 0:34:14]} 20.Nxc4 {[%clk 0:35:03]}
Rxc4 {[%clk 0:34:35]} 21.f3 {[%clk 0:30:46]} d5 {[%clk 0:25:13]}
22.exd5 {[%clk 0:27:24]} Bc5+ {[%clk 0:22:46]} 23.Bf2 {[%clk 0:20:18]}
Bxf2+ {[%clk 0:19:10]} 24.Kxf2 {[%clk 0:20:46]} Qb6+ {[%clk 0:19:09]}
25.Kg3 {[%clk 0:13:01]} Rd4 {[%clk 0:17:36]} 26.Qf5 {[%clk 0:07:41]}
Qc7 {[%clk 0:15:50]} 27.Kf2 {[%clk 0:08:10]} Qb6 {[%clk 0:09:29]}
28.Kg3 {[%clk 0:08:16]} Qc7 {[%clk 0:09:51]} 29.Kf2 {[%clk 0:08:45]}
Qb6 {[%clk 0:04:15]} 30.Kg3 {[%clk 0:07:05]} 1/2-1/2

[Event "Team men PL"]
[Site "Sochi"]
[Date "2020.11.23"]
[Round "5.30"]
[White "Faizrakhmanov, Ramil"]
[Black "Grachev, Boris"]
[Result "1/2-1/2"]
[BlackElo "2612"]
[WhiteElo "2450"]
[LiveChessVersion "1.4.8"]

1.d4 {[%clk 1:30:56]} d5 {[%clk 1:30:56]} 2.c4 {[%clk 1:31:17]}
c6 {[%clk 1:31:22]} 3.Nc3 {[%clk 1:31:14]} Nf6 {[%clk 1:31:46]}
4.e3 {[%clk 1:31:23]} e6 {[%clk 1:31:35]} 5.Nf3 {[%clk 1:31:27]}
Nbd7 {[%clk 1:32:00]} 6.Qc2 {[%clk 1:30:56]} Bd6 {[%clk 1:32:19]}
7.b3 {[%clk 1:30:40]} O-O {[%clk 1:32:34]} 8.Be2 {[%clk 1:30:53]}
b6 {[%clk 1:32:50]} 9.O-O {[%clk 1:30:54]} Bb7 {[%clk 1:33:15]}
10.Bb2 {[%clk 1:31:13]} Qe7 {[%clk 1:33:28]} 11.Rad1 {[%clk 1:30:44]}
Rad8 {[%clk 1:33:15]} 12.Rfe1 {[%clk 1:30:10]} Rfe8 {[%clk 1:33:41]}
13.g3 {[%clk 1:29:48]} Bb4 {[%clk 1:31:20]} 14.a3 {[%clk 1:22:51]}
Bd6 {[%clk 1:29:06]} 15.b4 {[%clk 1:18:59]} c5 {[%clk 1:20:11]}
16.bxc5 {[%clk 1:07:53]} bxc5 {[%clk 1:20:36]} 17.cxd5 {[%clk 1:07:26]}
exd5 {[%clk 1:19:13]} 18.dxc5 {[%clk 1:04:40]} Bxc5 {[%clk 1:17:41]}
19.Nd4 {[%clk 0:55:37]} g6 {[%clk 1:08:49]} 20.Na4 {[%clk 0:44:31]}
Bxa3 {[%clk 0:50:53]} 21.Bxa3 {[%clk 0:44:08]} Qxa3 {[%clk 0:51:18]}
22.Nb5 {[%clk 0:44:21]} Qe7 {[%clk 0:50:11]} 23.Nxa7 {[%clk 0:39:09]}
Ra8 {[%clk 0:42:24]} 24.Nb5 {[%clk 0:38:12]} Rec8 {[%clk 0:41:56]}
25.Nac3 {[%clk 0:37:01]} Ne5 {[%clk 0:34:09]} 26.Qb3 {[%clk 0:31:25]}
Rc4 {[%clk 0:23:01]} 27.Rd4 {[%clk 0:24:16]} Rxd4 {[%clk 0:17:53]}
28.Nxd4 {[%clk 0:24:35]} Ra3 {[%clk 0:17:00]} 29.Qc2 {[%clk 0:23:36]}
Ne4 {[%clk 0:15:20]} 30.Ncb5 {[%clk 0:20:53]} Ra8 {[%clk 0:14:23]}
31.Qc7 {[%clk 0:20:24]} Qxc7 {[%clk 0:14:16]} 32.Nxc7 {[%clk 0:20:48]}
Rc8 {[%clk 0:13:40]} 33.Ncb5 {[%clk 0:20:30]} Ba6 {[%clk 0:13:02]}
34.Ra1 {[%clk 0:18:12]} Bxb5 {[%clk 0:13:22]} 35.Bxb5 {[%clk 0:18:32]}
Rb8 {[%clk 0:11:46]} 36.Be2 {[%clk 0:05:24]} Rb2 {[%clk 0:09:02]}
37.Rc1 {[%clk 0:04:56]} Kg7 {[%clk 0:07:59]} 38.Rc7 {[%clk 0:03:29]}
h5 {[%clk 0:04:33]} 39.h3 {[%clk 0:02:18]} Nc4 {[%clk 0:01:15]}
40.Ne6+ {[%clk 0:31:10]} Kg8 {[%clk 0:30:50]} 41.Nd4 {[%clk 0:22:31]}
Ncd6 {[%clk 0:22:18]} 42.Rc2 {[%clk 0:21:08]} Rxc2 {[%clk 0:21:29]}
43.Nxc2 {[%clk 0:21:15]} Nc3 {[%clk 0:21:43]} 44.Bf3 {[%clk 0:19:58]}
Ndb5 {[%clk 0:21:50]} 45.Kf1 {[%clk 0:19:51]} Kg7 {[%clk 0:22:15]}
46.Be2 {[%clk 0:18:22]} 1/2-1/2